ŚLĄSKIE SŁOWA WEDŁUG ALFABETU - TRUDNY TEST - Statystyki

Ogólne statystyki
  • Ten quiz został rozwiązany 126 razy
  • Średni wynik to 7 z 33
Statystyki odpowiedzi
ślōnskŏ gōdka polsko gōdka % Poprawnych
nudelzupa zupa z makaronem
73%
wyciulać oszukać
58%
łach ubranie
56%
cychalter biustonosz
45%
waserwoga poziomica
43%
klopsztanga trzepak
43%
jakla marynarka
41%
gardinsztanga karnisz
36%
epny wielki
35%
ouberiba kalarepa
32%
żadło lustro
28%
bormaszyna wiertarka
26%
lazaryt szpital
22%
umfal wypadek
22%
szaberplac targ
20%
mosztrich musztarda
17%
auspuff rura wydechowa
17%
tutej! (do bajtla) pij
16%
hoch glanc wysoki połysk
15%
torman bramkarz
12%
fazan bażant
11%
dolmeczer tłumacz
11%
zimt cynamon
5%
ajzynbaniok kolejarz
5%
breweryjo awantura
4%
rus karaluch
3%
pikać kłóć
3%
wechslować zmieniać
3%
patyntregel bagażnik
1%
śrobśtok imadło
1%
masztal stajnia
1%
iść na fecht żebrać
1%
kejfer stonka ziemniaczana
0%
Nie znaleziono quizów pasujących do podanych kryteriów
Rozkład punktacji
Procent ludzi z każdym wynikiem
Percentyl według liczby udzielonych odpowiedzi
Twoja historia wyników
Nie rozwiązałeś tego quizu